[Event "Tournoi International du Pays de Charleroi 2018"]
[Site "Roux, Belgium"]
[Date "2018.08.01"]
[Round "6.28"]
[White "Callier, Christophe"]
[Black "Hafner, Christian"]
[Result "0-1"]
[WhiteElo "1970"]
[BlackElo "2072"]

1. e4 {[%clk 01:30:55]} {[%emt 00:00:04]} e6 {[%clk 01:30:45]} {[%emt
00:00:14]} 2. d4 {[%clk 01:31:23]} {[%emt 00:00:03]} d5 {[%clk 01:31:07]}
{[%emt 00:00:07]} 3. Nc3 {[%clk 01:31:51]} {[%emt 00:00:03]} Nf6 {[%clk
01:31:24]} {[%emt 00:00:13]} 4. Bg5 {[%clk 01:32:19]} {[%emt 00:00:03]} Be7
{[%clk 01:31:43]} {[%emt 00:00:10]} 5. e5 {[%clk 01:32:46]} {[%emt 00:00:04]}
Nfd7 {[%clk 01:32:04]} {[%emt 00:00:08]} 6. h4 {[%clk 01:33:12]} {[%emt
00:00:04]} c5 {[%clk 01:31:57]} {[%emt 00:00:36]} 7. Bxe7 {[%clk 01:33:26]}
{[%emt 00:00:17]} Kxe7 {[%clk 01:32:09]} {[%emt 00:00:18]} 8. f4 {[%clk
01:31:37]} {[%emt 00:02:20]} Qb6 {[%clk 01:31:42]} {[%emt 00:00:55]} 9. a3
{[%clk 01:23:38]} {[%emt 00:08:31]} cxd4 {[%clk 01:28:26]} {[%emt 00:03:43]} 10.
Nb5 {[%clk 01:23:45]} {[%emt 00:00:25]} Nc6 {[%clk 01:27:11]} {[%emt 00:01:44]}
11. Nf3 {[%clk 01:24:08]} {[%emt 00:00:08]} a6 {[%clk 01:24:47]} {[%emt
00:02:54]} 12. Nbxd4 {[%clk 01:24:29]} {[%emt 00:00:09]} Qxb2 {[%clk 01:23:59]}
{[%emt 00:01:18]} 13. Nxc6+ {[%clk 01:24:00]} {[%emt 00:01:00]} bxc6 {[%clk
01:24:19]} {[%emt 00:00:09]} 14. Rh3 {[%clk 01:23:17]} {[%emt 00:01:13]} c5
{[%clk 01:15:32]} {[%emt 00:09:18]} 15. h5 {[%clk 01:09:01]} {[%emt 00:14:46]}
h6 {[%clk 01:10:04]} {[%emt 00:05:57]} 16. Rg3 {[%clk 01:07:31]} {[%emt
00:02:01]} Rg8 {[%clk 01:08:22]} {[%emt 00:02:10]} 17. Kf2 {[%clk 01:06:11]}
{[%emt 00:01:51]} Rb8 {[%clk 01:00:36]} {[%emt 00:08:17]} 18. Kg1 {[%clk
01:06:23]} {[%emt 00:00:17]} Qc3 {[%clk 00:58:01]} {[%emt 00:03:04]} 19. Kh2
{[%clk 01:04:18]} {[%emt 00:02:36]} Qe3 {[%clk 00:47:45]} {[%emt 00:10:46]} 20.
Rg4 {[%clk 01:01:12]} {[%emt 00:03:37]} f5 {[%clk 00:42:51]} {[%emt 00:05:22]}
21. exf6+ {[%clk 00:57:46]} {[%emt 00:03:57]} Nxf6 {[%clk 00:43:10]} {[%emt
00:00:11]} 22. Rh4 {[%clk 00:57:54]} {[%emt 00:00:22]} g5 {[%clk 00:34:54]}
{[%emt 00:08:45]} 23. hxg6 {[%clk 00:58:12]} {[%emt 00:00:13]} Rxg6 {[%clk
00:35:15]} {[%emt 00:00:09]} 24. Ne5 {[%clk 00:55:32]} {[%emt 00:03:10]} Rg7
{[%clk 00:31:53]} {[%emt 00:03:52]} 25. Qd3 {[%clk 00:49:22]} {[%emt 00:06:40]}
Qxd3 {[%clk 00:27:05]} {[%emt 00:05:19]} 26. Bxd3 {[%clk 00:49:37]} {[%emt
00:00:15]} Rb2 {[%clk 00:26:32]} {[%emt 00:01:02]} 27. Rxh6 {[%clk 00:48:47]}
{[%emt 00:01:21]} Bb7 {[%clk 00:24:17]} {[%emt 00:02:45]} 28. Re1 {[%clk
00:43:20]} {[%emt 00:05:56]} c4 {[%clk 00:24:03]} {[%emt 00:00:43]} 29. Bg6
{[%clk 00:41:47]} {[%emt 00:02:03]} d4 {[%clk 00:22:07]} {[%emt 00:02:27]} 30.
Kh3 {[%clk 00:31:30]} {[%emt 00:10:48]} d3 {[%clk 00:19:05]} {[%emt 00:03:31]}
31. cxd3 {[%clk 00:28:52]} {[%emt 00:03:08]} Bxg2 {[%clk 00:19:11]} {[%emt
00:00:24]} 32. Kh4 {[%clk 00:29:08]} {[%emt 00:00:14]} cxd3 {[%clk 00:17:34]}
{[%emt 00:02:07]} 33. Bxd3 {[%clk 00:25:51]} {[%emt 00:03:46]} Rb3 {[%clk
00:16:14]} {[%emt 00:01:51]} 34. Ng6+ {[%clk 00:18:43]} {[%emt 00:07:38]} Kd6
{[%clk 00:13:59]} {[%emt 00:02:45]} 35. Rd1 {[%clk 00:11:44]} {[%emt 00:07:29]}
Nd5 {[%clk 00:09:55]} {[%emt 00:04:34]} 36. Rd2 {[%clk 00:08:38]} {[%emt
00:03:36]} Rxa3 {[%clk 00:05:14]} {[%emt 00:05:11]} 37. f5 {[%clk 00:06:37]}
{[%emt 00:02:30]} Ra4 {[%clk 00:01:34]} {[%emt 00:04:11]} 38. Kg3 {[%clk
00:06:19]} {[%emt 00:00:48]} Rd4 {[%clk 00:01:36]} {[%emt 00:00:28]} 39. f6
{[%clk 00:05:13]} {[%emt 00:01:36]} Rf7 {[%clk 00:01:01]} {[%emt 00:01:05]} 40.
Kxg2 {[%clk 00:03:20]} {[%emt 00:02:23]} Rxf6 {[%clk 00:01:29]} {[%emt
00:00:02]} 41. Nh8 {[%clk 00:21:21]} {[%emt 00:12:29]} Rxh6 {[%clk 00:26:31]}
{[%emt 00:05:28]} 42. Nf7+ {[%clk 00:21:45]} {[%emt 00:00:06]} Ke7 {[%clk
00:25:33]} {[%emt 00:01:28]} 43. Nxh6 {[%clk 00:22:08]} {[%emt 00:00:07]} Rxd3
{[%clk 00:24:38]} {[%emt 00:01:24]} 44. Ra2 {[%clk 00:21:46]} {[%emt 00:00:52]}
Nb4 {[%clk 00:24:33]} {[%emt 00:00:35]} 45. Ra4 {[%clk 00:21:59]} {[%emt
00:00:17]} Rb3 {[%clk 00:24:04]} {[%emt 00:00:59]} 46. Ng4 {[%clk 00:22:06]}
{[%emt 00:00:24]} Kd6 {[%clk 00:24:20]} {[%emt 00:00:14]} 47. Kf2 {[%clk
00:22:12]} {[%emt 00:00:24]} Nd3+ {[%clk 00:23:21]} {[%emt 00:01:29]} 48. Ke2
{[%clk 00:22:11]} {[%emt 00:00:31]} Nc5 {[%clk 00:23:39]} {[%emt 00:00:11]} 49.
Rd4+ {[%clk 00:22:13]} {[%emt 00:00:28]} Kc6 {[%clk 00:23:42]} {[%emt
00:00:27]} 50. Ne5+ {[%clk 00:22:21]} {[%emt 00:00:22]} Kb5 {[%clk 00:23:53]}
{[%emt 00:00:20]} 51. Rd8 {[%clk 00:19:07]} {[%emt 00:03:44]} Kb4 {[%clk
00:21:05]} {[%emt 00:03:17]} 52. Rd4+ {[%clk 00:17:45]} {[%emt 00:01:52]} Kb5
{[%clk 00:20:18]} {[%emt 00:01:18]} 53. Rd8 {[%clk 00:17:56]} {[%emt 00:00:18]}
Rb4 {[%clk 00:18:16]} {[%emt 00:02:31]} 54. Nf3 {[%clk 00:16:38]} {[%emt
00:01:49]} a5 {[%clk 00:17:41]} {[%emt 00:01:05]} 55. Nd4+ {[%clk 00:16:41]}
{[%emt 00:00:28]} Kc4 {[%clk 00:17:52]} {[%emt 00:00:19]} 56. Rd6 {[%clk
00:16:40]} {[%emt 00:00:31]} a4 {[%clk 00:13:56]} {[%emt 00:04:25]} 57. Nxe6
{[%clk 00:16:18]} {[%emt 00:00:53]} Nxe6 {[%clk 00:14:15]} {[%emt 00:00:11]} 58.
Rxe6 {[%clk 00:16:46]} {[%emt 00:00:02]} Kc3 {[%clk 00:13:12]} {[%emt
00:01:32]} 59. Rc6+ {[%clk 00:15:48]} {[%emt 00:01:29]} Kb2 {[%clk 00:12:02]}
{[%emt 00:01:39]} 60. Kd3 {[%clk 00:15:49]} {[%emt 00:00:30]} a3 {[%clk
00:10:30]} {[%emt 00:02:02]} 61. Rc2+ {[%clk 00:15:19]} {[%emt 00:00:59]} Kb1
{[%clk 00:10:45]} {[%emt 00:00:15]} 62. Rh2 {[%clk 00:14:58]} {[%emt 00:00:51]}
a2 {[%clk 00:07:03]} {[%emt 00:04:12]} 0-1

[Event "Tournoi International du Pays de Charleroi 2018"]
[Site "Roux, Belgium"]
[Date "2018.08.01"]
[Round "6.8"]
[White "Mulder, Bart-Piet"]
[Black "Okhotnik, Vladimir"]
[Result "0-1"]
[BlackTitle "GM"]
[WhiteElo "2176"]
[BlackElo "2384"]

1. d4 {[%clk 01:30:34]} {[%emt 00:00:24]} c5 {[%clk 01:30:00]} {[%emt
00:01:01]} 2. e3 {[%clk 01:23:37]} {[%emt 00:07:27]} g6 {[%clk 01:28:41]}
{[%emt 00:01:49]} 3. g3 {[%clk 01:21:03]} {[%emt 00:03:05]} Bg7 {[%clk
01:28:05]} {[%emt 00:01:06]} 4. Bg2 {[%clk 01:21:29]} {[%emt 00:00:04]} Nf6
{[%clk 01:27:16]} {[%emt 00:01:19]} 5. c4 {[%clk 01:20:11]} {[%emt 00:01:49]}
O-O {[%clk 01:26:21]} {[%emt 00:01:23]} 6. Nc3 {[%clk 01:20:20]} {[%emt
00:00:21]} d6 {[%clk 01:26:11]} {[%emt 00:00:40]} 7. Nf3 {[%clk 01:19:32]}
{[%emt 00:01:19]} Nc6 {[%clk 01:24:45]} {[%emt 00:01:56]} 8. O-O {[%clk
01:18:48]} {[%emt 00:01:13]} Bf5 {[%clk 01:23:02]} {[%emt 00:02:14]} 9. b3
{[%clk 01:15:25]} {[%emt 00:03:53]} Qc8 {[%clk 01:17:55]} {[%emt 00:05:37]} 10.
Bb2 {[%clk 01:13:58]} {[%emt 00:01:57]} Bh3 {[%clk 01:17:26]} {[%emt 00:00:58]}
11. d5 {[%clk 01:04:44]} {[%emt 00:09:45]} Bxg2 {[%clk 01:16:47]} {[%emt
00:01:08]} 12. Kxg2 {[%clk 01:05:05]} {[%emt 00:00:09]} Nb4 {[%clk 01:15:04]}
{[%emt 00:02:13]} 13. a3 {[%clk 01:04:07]} {[%emt 00:01:29]} Na6 {[%clk
01:15:28]} {[%emt 00:00:06]} 14. Qe2 {[%clk 01:04:17]} {[%emt 00:00:20]} Nc7
{[%clk 01:12:23]} {[%emt 00:03:34]} 15. e4 {[%clk 01:04:00]} {[%emt 00:00:47]}
Ng4 {[%clk 01:10:38]} {[%emt 00:02:15]} 16. h3 {[%clk 00:52:12]} {[%emt
00:12:18]} Nh6 {[%clk 01:05:30]} {[%emt 00:05:38]} 17. Nd1 {[%clk 00:42:27]}
{[%emt 00:10:15]} e5 {[%clk 01:04:48]} {[%emt 00:01:13]} 18. dxe6 {[%clk
00:41:16]} {[%emt 00:01:41]} fxe6 {[%clk 01:03:46]} {[%emt 00:01:32]} 19. Bxg7
{[%clk 00:41:34]} {[%emt 00:00:11]} Kxg7 {[%clk 01:04:11]} {[%emt 00:00:06]} 20.
Nc3 {[%clk 00:39:58]} {[%emt 00:02:06]} e5 {[%clk 00:59:28]} {[%emt 00:05:12]}
21. Rad1 {[%clk 00:36:28]} {[%emt 00:04:00]} Nf7 {[%clk 00:58:18]} {[%emt
00:01:40]} 22. Nd5 {[%clk 00:26:52]} {[%emt 00:10:06]} Ne6 {[%clk 00:58:35]}
{[%emt 00:00:13]} 23. Qd2 {[%clk 00:23:32]} {[%emt 00:03:51]} Rb8 {[%clk
00:58:03]} {[%emt 00:01:02]} 24. a4 {[%clk 00:21:30]} {[%emt 00:02:31]} b6
{[%clk 00:58:28]} {[%emt 00:00:05]} 25. h4 {[%clk 00:20:54]} {[%emt 00:01:07]}
Rb7 {[%clk 00:58:20]} {[%emt 00:00:38]} 26. Ng5 {[%clk 00:15:22]} {[%emt
00:06:01]} Nfxg5 {[%clk 00:58:05]} {[%emt 00:00:45]} 27. hxg5 {[%clk 00:15:49]}
{[%emt 00:00:03]} Rbf7 {[%clk 00:57:50]} {[%emt 00:00:44]} 28. Nf6 {[%clk
00:13:26]} {[%emt 00:02:53]} Nxg5 {[%clk 00:52:54]} {[%emt 00:05:27]} 29. Qxg5
{[%clk 00:13:47]} {[%emt 00:00:08]} Rxf6 {[%clk 00:53:22]} {[%emt 00:00:03]} 30.
Rxd6 {[%clk 00:14:02]} {[%emt 00:00:16]} Rxf2+ {[%clk 00:51:43]} {[%emt
00:02:09]} 31. Rxf2 {[%clk 00:14:08]} {[%emt 00:00:24]} Rxf2+ {[%clk 00:52:08]}
{[%emt 00:00:04]} 32. Kg1 {[%clk 00:10:48]} {[%emt 00:03:50]} Qe8 {[%clk
00:46:58]} {[%emt 00:05:40]} 33. Rxb6 {[%clk 00:01:40]} {[%emt 00:09:39]} Qf7
{[%clk 00:44:21]} {[%emt 00:03:07]} 34. Rb7 {[%clk 00:01:59]} {[%emt 00:00:11]}
Rf1+ {[%clk 00:44:42]} {[%emt 00:00:08]} 35. Kg2 {[%clk 00:02:25]} {[%emt
00:00:05]} Qxb7 {[%clk 00:45:09]} {[%emt 00:00:04]} 36. Kxf1 {[%clk 00:02:39]}
{[%emt 00:00:15]} Qxe4 {[%clk 00:45:31]} {[%emt 00:00:08]} 37. Qe7+ {[%clk
00:02:38]} {[%emt 00:00:30]} Kh6 {[%clk 00:45:56]} {[%emt 00:00:05]} 38. Qxc5
{[%clk 00:01:56]} {[%emt 00:01:12]} Qf3+ {[%clk 00:46:13]} {[%emt 00:00:13]} 39.
Qf2 {[%clk 00:02:07]} {[%emt 00:00:19]} Qxb3 {[%clk 00:46:01]} {[%emt
00:00:43]} 40. c5 {[%clk 00:00:34]} {[%emt 00:02:03]} Kg5 {[%clk 00:43:09]}
{[%emt 00:03:22]} 41. c6 {[%clk 00:21:26]} {[%emt 00:09:38]} Qc4+ {[%clk
01:11:32]} {[%emt 00:02:06]} 42. Qe2 {[%clk 00:21:48]} {[%emt 00:00:08]} Qxc6
{[%emt 00:06:15]} 43. Qxe5+ {[%clk 00:22:14]} {[%emt 00:00:02]} Kh6 {[%clk
01:06:11]} {[%emt 00:00:08]} 44. Qe3 {[%clk 00:22:29]} {[%emt 00:00:13]} g5
{[%clk 01:06:34]} {[%emt 00:00:10]} 45. Qxa7 {[%clk 00:22:19]} {[%emt
00:00:40]} Qf3+ {[%clk 01:06:37]} {[%emt 00:00:26]} 46. Qf2 {[%clk 00:19:42]}
{[%emt 00:03:06]} Qh1+ {[%clk 01:06:19]} {[%emt 00:00:49]} 47. Ke2 {[%clk
00:18:21]} {[%emt 00:01:51]} Qe4+ {[%clk 01:06:37]} {[%emt 00:00:12]} 48. Kf1
{[%clk 00:18:46]} {[%emt 00:00:05]} Qxa4 {[%clk 01:06:39]} {[%emt 00:00:29]} 49.
Qf6 {[%clk 00:18:27]} {[%emt 00:00:48]} Kh5 {[%clk 01:07:05]} {[%emt 00:00:04]}
50. Qf7 {[%clk 00:17:43]} {[%emt 00:01:14]} Kg4 {[%clk 01:07:19]} {[%emt
00:00:16]} 51. Qxh7 {[%clk 00:16:54]} {[%emt 00:01:20]} Qd1+ {[%clk 01:07:03]}
{[%emt 00:00:46]} 52. Kf2 {[%clk 00:16:21]} {[%emt 00:01:02]} Qd2+ {[%clk
01:07:11]} {[%emt 00:00:22]} 53. Kg1 {[%clk 00:11:49]} {[%emt 00:05:02]} Qe1+
{[%clk 01:07:24]} {[%emt 00:00:18]} 54. Kg2 {[%clk 00:12:11]} {[%emt 00:00:08]}
Qxg3+ {[%clk 01:07:44]} {[%emt 00:00:09]} 55. Kf1 {[%clk 00:11:50]} {[%emt
00:00:51]} Qh3+ {[%clk 01:08:08]} {[%emt 00:00:06]} 0-1

[Event "Tournoi International du Pays de Charleroi 2018"]
[Site "Roux, Belgium"]
[Date "2018.08.01"]
[Round "6.27"]
[White "Mueller, Martin"]
[Black "Kolp, Theo"]
[Result "1/2-1/2"]
[WhiteElo "2078"]
[BlackElo "1980"]

1. e4 {[%clk 01:30:55]} {[%emt 00:00:05]} c5 {[%clk 01:30:54]} {[%emt
00:00:06]} 2. Nf3 {[%clk 01:31:16]} {[%emt 00:00:08]} e6 {[%clk 01:31:19]}
{[%emt 00:00:06]} 3. d4 {[%clk 01:31:43]} {[%emt 00:00:03]} cxd4 {[%clk
01:31:42]} {[%emt 00:00:07]} 4. Nxd4 {[%clk 01:32:09]} {[%emt 00:00:04]} Nc6
{[%clk 01:32:06]} {[%emt 00:00:05]} 5. Nc3 {[%clk 01:32:30]} {[%emt 00:00:10]}
Qc7 {[%clk 01:32:22]} {[%emt 00:00:14]} 6. Be3 {[%clk 01:32:44]} {[%emt
00:00:16]} a6 {[%clk 01:32:17]} {[%emt 00:00:36]} 7. Qd2 {[%clk 01:33:00]}
{[%emt 00:00:13]} Nf6 {[%clk 01:29:27]} {[%emt 00:03:20]} 8. O-O-O {[%clk
01:33:11]} {[%emt 00:00:19]} b5 {[%clk 01:27:36]} {[%emt 00:02:21]} 9. f3
{[%clk 01:33:10]} {[%emt 00:00:30]} Bb4 {[%clk 01:23:35]} {[%emt 00:04:32]} 10.
Nb3 {[%clk 01:32:07]} {[%emt 00:01:33]} d5 {[%clk 01:06:14]} {[%emt 00:17:52]}
11. a3 {[%clk 01:27:57]} {[%emt 00:04:40]} Bxc3 {[%clk 01:02:42]} {[%emt
00:04:01]} 12. Qxc3 {[%clk 01:28:08]} {[%emt 00:00:19]} dxe4 {[%clk 00:59:59]}
{[%emt 00:03:13]} 13. fxe4 {[%clk 01:11:58]} {[%emt 00:16:40]} O-O {[%clk
00:58:25]} {[%emt 00:02:04]} 14. Bd3 {[%clk 01:11:14]} {[%emt 00:01:14]} Bb7
{[%clk 00:57:32]} {[%emt 00:01:23]} 15. Rhf1 {[%clk 01:02:25]} {[%emt
00:09:19]} Qe5 {[%clk 00:53:43]} {[%emt 00:04:18]} 16. Qe1 {[%clk 00:52:25]}
{[%emt 00:10:30]} Qc7 {[%clk 00:50:28]} {[%emt 00:03:46]} 17. Rxf6 {[%clk
00:50:49]} {[%emt 00:02:07]} gxf6 {[%clk 00:50:23]} {[%emt 00:00:35]} 18. Bh6
{[%clk 00:51:11]} {[%emt 00:00:07]} Qxh2 {[%clk 00:47:49]} {[%emt 00:03:04]} 19.
Qe3 {[%clk 00:48:48]} {[%emt 00:02:52]} Ne5 {[%clk 00:46:03]} {[%emt 00:02:16]}
20. Bxf8 {[%clk 00:38:42]} {[%emt 00:10:37]} Rxf8 {[%clk 00:44:42]} {[%emt
00:01:51]} 21. Nc5 {[%clk 00:38:07]} {[%emt 00:01:05]} Bc8 {[%clk 00:40:13]}
{[%emt 00:04:58]} 22. Kb1 {[%clk 00:37:17]} {[%emt 00:01:20]} Rd8 {[%clk
00:37:01]} {[%emt 00:03:43]} 23. Rf1 {[%clk 00:37:09]} {[%emt 00:00:37]} Kg7
{[%clk 00:32:18]} {[%emt 00:05:14]} 24. Qe1 {[%clk 00:37:22]} {[%emt 00:00:17]}
Rd6 {[%clk 00:31:04]} {[%emt 00:01:44]} 25. Rh1 {[%clk 00:34:02]} {[%emt
00:03:49]} Qf4 {[%clk 00:31:13]} {[%emt 00:00:22]} 26. Rh4 {[%clk 00:32:57]}
{[%emt 00:01:34]} Qg5 {[%clk 00:31:11]} {[%emt 00:00:32]} 27. Qh1 {[%clk
00:32:11]} {[%emt 00:01:17]} h6 {[%clk 00:28:22]} {[%emt 00:03:19]} 28. b4
{[%clk 00:29:48]} {[%emt 00:02:53]} Rd8 {[%clk 00:22:14]} {[%emt 00:06:38]} 29.
Rh3 {[%clk 00:28:10]} {[%emt 00:02:08]} Ng6 {[%clk 00:16:58]} {[%emt 00:05:47]}
30. e5 {[%clk 00:18:09]} {[%emt 00:10:30]} f5 {[%clk 00:14:18]} {[%emt
00:03:09]} 31. Qh2 {[%clk 00:16:42]} {[%emt 00:01:57]} Rd4 {[%clk 00:14:10]}
{[%emt 00:00:38]} 32. Rg3 {[%clk 00:10:47]} {[%emt 00:06:26]} Rg4 {[%clk
00:13:39]} {[%emt 00:01:01]} 33. Rxg4 {[%clk 00:08:55]} {[%emt 00:02:22]} Qxg4
{[%clk 00:13:40]} {[%emt 00:00:29]} 34. Qg1 {[%clk 00:05:28]} {[%emt 00:03:57]}
Qf4 {[%clk 00:12:16]} {[%emt 00:01:52]} 35. g3 {[%clk 00:05:01]} {[%emt
00:00:59]} Qxe5 {[%clk 00:12:25]} {[%emt 00:00:21]} 36. g4 {[%clk 00:05:09]}
{[%emt 00:00:22]} fxg4 {[%clk 00:11:38]} {[%emt 00:01:18]} 37. Bxg6 {[%clk
00:04:17]} {[%emt 00:01:21]} fxg6 {[%clk 00:10:56]} {[%emt 00:01:12]} 38. Qxg4
{[%clk 00:04:27]} {[%emt 00:00:20]} a5 {[%clk 00:04:25]} {[%emt 00:07:01]} 39.
Nd3 {[%clk 00:04:05]} {[%emt 00:00:51]} Qf6 {[%clk 00:02:19]} {[%emt 00:02:38]}
40. Qg3 {[%clk 00:03:52]} {[%emt 00:00:42]} Qf1+ {[%clk 00:01:09]} {[%emt
00:01:41]} 41. Kb2 {[%clk 00:03:38]} {[%emt 00:00:42]} Qf7 {[%clk 00:00:33]}
{[%emt 00:01:07]} 42. bxa5 {[%clk 00:03:49]} {[%emt 00:00:19]} Bb7 {[%clk
00:00:38]} {[%emt 00:00:25]} 43. c3 {[%clk 00:03:34]} {[%emt 00:00:45]} Bd5
{[%clk 00:26:12]} {[%emt 00:04:56]} 44. Qe5+ {[%clk 00:33:42]} {[%emt
00:00:21]} Kh7 {[%clk 00:25:33]} {[%emt 00:01:09]} 45. a6 {[%clk 00:33:49]}
{[%emt 00:00:25]} Bc4 {[%clk 00:23:22]} {[%emt 00:02:40]} 46. Nf4 {[%clk
00:33:17]} {[%emt 00:01:01]} b4 {[%clk 00:11:06]} {[%emt 00:12:44]} 47. axb4
{[%clk 00:23:42]} {[%emt 00:10:08]} Bxa6 {[%clk 00:11:24]} {[%emt 00:00:11]} 48.
Nxe6 {[%clk 00:23:42]} {[%emt 00:00:30]} Bc8 {[%clk 00:11:05]} {[%emt
00:00:46]} 49. Nf4 {[%clk 00:18:26]} {[%emt 00:05:48]} g5 {[%clk 00:10:53]}
{[%emt 00:00:44]} 50. Nd5 {[%clk 00:18:36]} {[%emt 00:00:20]} Be6 {[%clk
00:10:32]} {[%emt 00:00:50]} 51. Nf6 {[%clk 00:16:09]} {[%emt 00:02:57]} Kg6
{[%clk 00:10:21]} {[%emt 00:00:41]} 52. Ne4 {[%clk 00:16:09]} {[%emt 00:00:31]}
Qf5 {[%clk 00:09:43]} {[%emt 00:01:05]} 53. Qd4 {[%clk 00:14:49]} {[%emt
00:01:53]} g4 {[%clk 00:09:17]} {[%emt 00:00:56]} 54. Ng3 {[%clk 00:12:42]}
{[%emt 00:02:37]} Qd5 {[%clk 00:09:03]} {[%emt 00:00:41]} 55. Qe3 {[%clk
00:10:58]} {[%emt 00:02:16]} h5 {[%clk 00:08:09]} {[%emt 00:01:24]} 56. Ne2
{[%clk 00:10:56]} {[%emt 00:00:31]} Qa2+ {[%clk 00:06:46]} {[%emt 00:01:54]} 57.
Kc1 {[%clk 00:11:18]} {[%emt 00:00:08]} Bb3 {[%clk 00:06:26]} {[%emt 00:00:50]}
58. Qe4+ {[%clk 00:10:33]} {[%emt 00:01:16]} Kf6 {[%clk 00:05:39]} {[%emt
00:01:16]} 59. Qf4+ {[%clk 00:10:45]} {[%emt 00:00:18]} Ke7 {[%clk 00:05:39]}
{[%emt 00:00:29]} 60. Qg5+ {[%clk 00:09:35]} {[%emt 00:01:42]} Kd7 {[%clk
00:05:46]} {[%emt 00:00:21]} 61. Qb5+ {[%clk 00:09:37]} {[%emt 00:00:30]} Ke7
{[%clk 00:05:57]} {[%emt 00:00:17]} 62. Qc5+ {[%clk 00:08:13]} {[%emt
00:01:56]} Kd7 {[%clk 00:06:15]} {[%emt 00:00:12]} 63. Qf5+ {[%clk 00:06:45]}
{[%emt 00:01:57]} Ke7 {[%emt 00:06:19]} 64. Nd4 {[%emt 00:00:01]} Qa1+ {[%emt
00:00:03]} 65. Kd2 Qd1+ 66. Ke3 {[%emt 00:00:01]} Qc1+ {[%emt 00:00:20]}
1/2-1/2

[Event "Tournoi International du Pays de Charleroi 2018"]
[Site "Roux, Belgium"]
[Date "2018.08.01"]
[Round "6.14"]
[White "Henris, Luc"]
[Black "Maerevoet, Sim"]
[Result "1/2-1/2"]
[WhiteTitle "FM"]
[WhiteElo "2204"]
[BlackElo "2115"]

1. e4 {[%clk 01:30:59]} {[%emt 00:50:55]} c5 {[%clk 01:30:54]} {[%emt
00:00:07]} 2. c3 {[%clk 01:31:25]} {[%emt 00:00:05]} d5 {[%clk 01:31:19]}
{[%emt 00:00:04]} 3. exd5 {[%clk 01:31:50]} {[%emt 00:00:06]} Qxd5 {[%clk
01:31:41]} {[%emt 00:00:07]} 4. d4 {[%clk 01:32:02]} {[%emt 00:00:19]} Nc6
{[%clk 01:32:03]} {[%emt 00:00:07]} 5. Nf3 {[%clk 01:31:05]} {[%emt 00:01:27]}
Bf5 {[%clk 01:32:26]} {[%emt 00:00:07]} 6. Na3 {[%clk 01:24:04]} {[%emt
00:07:31]} cxd4 {[%clk 01:25:28]} {[%emt 00:07:29]} 7. Bc4 {[%clk 01:16:27]}
{[%emt 00:08:06]} Qd7 {[%clk 01:03:08]} {[%emt 00:22:50]} 8. Qb3 {[%clk
01:09:41]} {[%emt 00:07:16]} e6 {[%clk 00:52:15]} {[%emt 00:11:22]} 9. Nxd4
{[%clk 01:08:36]} {[%emt 00:01:36]} Nxd4 {[%clk 00:46:21]} {[%emt 00:06:24]} 10.
cxd4 {[%clk 01:08:52]} {[%emt 00:00:15]} a6 {[%clk 00:46:41]} {[%emt 00:00:10]}
11. d5 {[%clk 00:56:21]} {[%emt 00:13:01]} exd5 {[%clk 00:38:18]} {[%emt
00:08:53]} 12. Bxd5 {[%clk 00:56:32]} {[%emt 00:00:18]} Rd8 {[%clk 00:38:31]}
{[%emt 00:00:18]} 13. Qe3+ {[%clk 00:44:35]} {[%emt 00:12:26]} Be7 {[%clk
00:36:28]} {[%emt 00:02:33]} 14. Bb3 {[%clk 00:36:55]} {[%emt 00:08:10]} Nf6
{[%clk 00:35:56]} {[%emt 00:01:02]} 15. O-O {[%clk 00:35:34]} {[%emt 00:01:51]}
O-O {[%clk 00:35:40]} {[%emt 00:00:46]} 16. Nc4 {[%clk 00:32:20]} {[%emt
00:03:44]} Qc7 {[%clk 00:24:07]} {[%emt 00:12:02]} 17. Qf4 {[%clk 00:27:02]}
{[%emt 00:05:48]} Qxf4 {[%clk 00:22:44]} {[%emt 00:01:54]} 18. Bxf4 {[%clk
00:26:53]} {[%emt 00:00:38]} Nd5 {[%clk 00:21:39]} {[%emt 00:01:35]} 19. Rfe1
{[%clk 00:18:35]} {[%emt 00:08:49]} Be6 {[%clk 00:18:04]} {[%emt 00:04:05]} 20.
Bg3 {[%clk 00:17:02]} {[%emt 00:02:03]} Bf6 {[%clk 00:14:29]} {[%emt 00:04:05]}
21. Be5 {[%clk 00:14:57]} {[%emt 00:02:35]} Bxe5 {[%clk 00:12:28]} {[%emt
00:02:31]} 22. Nxe5 {[%clk 00:14:32]} {[%emt 00:00:55]} Nf4 {[%clk 00:11:58]}
{[%emt 00:00:59]} 23. Bxe6 {[%clk 00:14:45]} {[%emt 00:00:17]} Nxe6 {[%clk
00:12:08]} {[%emt 00:00:20]} 24. Rad1 {[%clk 00:13:23]} {[%emt 00:01:52]}
1/2-1/2